000
00300nam a2200121Ia 4500
005
20251222141949.0
008
251222s9999||||xx |||||||||||||| ||spa||
020
_a
84-8055-262-X
082
_a
REF.370/C95/Ej.2
245
0
_a
Diccionario de PedagogĂa y PsicologĂa
264
_b
Cultural
942
_c
LIB
999
_c
9607
_d
9607